Recuerdo de las Bodas de Plata de los Condes del Montseny : 1916 -4 mayo- 1941 1916 -4 mayo- 1941
Descripción Física:
[13] p. : il. ; 28 cm
MARC
| LEADER | 00000nam a2200000Ia 4500 | ||
|---|---|---|---|
| 001 | 11021 | ||
| 008 | 160829s1941 xx 000 0 cat d | ||
| 080 | |a FU-27-12 | ||
| 100 | 1 | |a Milà i Camps, Josep Maria, |d 1887-1955 |9 19839 | |
| 245 | |a Recuerdo de las Bodas de Plata de los Condes del Montseny : |b 1916 -4 mayo- 1941 | ||
| 260 | |a [s.l.] : |b [s.n.], |c 1941 | ||
| 300 | |a [13] p. : |b il. ; |c 28 cm | ||
| 650 | |a Montseny, Comptes del |x Aniversaris, etc. |9 19840 | ||
| 901 | |a Arxiu | ||
| 942 | |n 1 | ||
| 952 | |0 0 |1 0 |4 0 |6 FU2712 |7 1 |9 41342 |a Arxiu |b Arxiu |d 2016-12-01 |l 0 |o FU-27-12 |p 11021 |r 2016-12-01 00:00:00 |w 2016-12-01 |y ARXIU | ||
| 999 | |c 43150 |d 43150 | ||